000 06206nam a22005777a 4500
005 2011120104274.0
010 _aB-454774 B-483118-146
020 _a9788179931721
_c75.00
035 _aB-454774 B-483118-146
037 _aBlue Berry/Ven
_bDPL
082 _a523.7
100 _aMukherjee, Vijita
_953496
245 _aSun :
_bVijita Mukherjee
_cThe great ball of fire /
260 _aNew Delhi
_bTeri Press
_c2008
270 _aDarbari Seth Block, IHC Complex, Lodhi Road
_bNew Delhi
_e110003
300 _a16p.
_bcol.ill
_c23cm.
490 _aKnow all about
_953497
942 _2ddc
_cCH
_mMUK
_h523.7
999 _c58878
_d58878